[Event "PRO League Group Stage"]
[Site "chess.com INT"]
[Date "2018.02.07"]
[Round "5"]
[White "Blomqvist, Erik"]
[Black "Thorfinnsson, Bjorn"]
[Result "1-0"]
[WhiteTitle "GM"]
[BlackTitle "IM"]
[WhiteElo "2502"]
[BlackElo "2400"]
[WhiteTeam "Stockholm Snowballs"]
[BlackTeam "Reykjavik Puffins"]
[WhiteFideId "1709437"]
[BlackFideId "2300982"]
[EventDate "2018.01.18"]

1. e4 e5 2. Nf3 Nc6 3. Bb5 Nge7 4. Nc3 d6 5. d4 Bd7 6. O-O Ng6 7. Be3 Be7 8. Nd5
exd4 9. Nxd4 Nxd4 10. Bxd7+ Qxd7 11. Bxd4 O-O 12. c4 f5 13. exf5 Rxf5 14. Qg4
Bd8 15. f4 c6 16. Ne3 Rf7 17. f5 Ne5 18. Bxe5 dxe5 19. Rad1 Qe7 20. Kh1 Bb6 21.
f6 Rxf6 22. Nf5 Qf8 23. Rd7 g6 24. Qh4 Rf7 25. Rxf7 Kxf7 26. Qxh7+ Ke6 27. Ng7+ 1-0

[Event "PRO League Group Stage"]
[Site "chess.com INT"]
[Date "2018.02.07"]
[Round "5"]
[White "Blomqvist, Erik"]
[Black "Stefansson, Hannes"]
[Result "0-1"]
[WhiteTitle "GM"]
[BlackTitle "GM"]
[WhiteElo "2502"]
[BlackElo "2523"]
[WhiteTeam "Stockholm Snowballs"]
[BlackTeam "Reykjavik Puffins"]
[WhiteFideId "1709437"]
[BlackFideId "2300087"]
[EventDate "2018.01.18"]

1. Nf3 Nf6 2. g3 d5 3. Bg2 g6 4. O-O Bg7 5. d4 O-O 6. c4 c6 7. Qb3 Qb6 8. Nc3
Bf5 9. cxd5 Qxb3 10. axb3 Nxd5 11. Bd2 Nxc3 12. bxc3 Nd7 13. Ne1 e5 14. e3 Be6
15. Ra3 Rfd8 16. Nd3 Bf8 17. Ra5 exd4 18. cxd4 Bxb3 19. Rc1 Nf6 20. Be1 Bd5 21.
f3 b6 22. Ra6 c5 23. dxc5 Bb7 24. Ra3 Nd7 25. Bb4 a5 26. c6 axb4 27. Rxa8 Bxa8
28. cxd7 Rxd7 29. Nxb4 Bc5 30. Nc2 Rd2 31. Nd4 Bd5 32. Rb1 Ba2 33. Rb5 Rd1+ 34.
Kf2 Bc4 35. Rb2 Rxd4 36. Rc2 Bb3 0-1

[Event "PRO League Group Stage"]
[Site "chess.com INT"]
[Date "2018.02.07"]
[Round "5"]
[White "Agrest, Evgenij"]
[Black "Thorfinnsson, Bjorn"]
[Result "1-0"]
[WhiteTitle "GM"]
[BlackTitle "IM"]
[WhiteElo "2584"]
[BlackElo "2400"]
[WhiteTeam "Stockholm Snowballs"]
[BlackTeam "Reykjavik Puffins"]
[WhiteFideId "1705024"]
[BlackFideId "2300982"]
[EventDate "2018.01.18"]

1. d4 d5 2. Bf4 c5 3. e3 Qb6 4. Nc3 e6 5. Nb5 Na6 6. a4 c4 7. c3 Bd7 8. b3 Bxb5
9. axb5 Qxb5 10. bxc4 dxc4 11. Nf3 Rc8 12. Nd2 Nf6 13. e4 Be7 14. Qa4 Qxa4 15.
Rxa4 Nc7 16. Rxa7 Nb5 17. Rxb7 Nxc3 18. f3 Nfd5 19. exd5 Nxd5 20. Bg3 Bb4 21.
Kd1 Ra8 22. Bxc4 Ra1+ 23. Ke2 Rxh1 24. Rb8+ Ke7 25. Rxh8 Rg1 26. Bxd5 Rxg2+ 27.
Kf1 Rxd2 28. Bc6 Rxd4 29. Rxh7 Rc4 30. Bb5 Rc1+ 31. Kg2 Rc2+ 32. Kh3 g5 33. Kg4
Kf6 34. Rh8 Kg7 35. Rb8 Ba5 36. Bd3 Rd2 37. Be5+ f6 38. Rb7+ Kf8 39. Bd6+ Kg8
40. Bh7+ Kh8 41. Bg3 Bc3 42. Kh5 Rd8 43. Kg6 Rf8 44. Bd6 Re8 45. Be7 1-0

[Event "PRO League Group Stage"]
[Site "chess.com INT"]
[Date "2018.02.07"]
[Round "5"]
[White "Agrest, Evgenij"]
[Black "Stefansson, Hannes"]
[Result "0-1"]
[WhiteTitle "GM"]
[BlackTitle "GM"]
[WhiteElo "2584"]
[BlackElo "2523"]
[WhiteTeam "Stockholm Snowballs"]
[BlackTeam "Reykjavik Puffins"]
[WhiteFideId "1705024"]
[BlackFideId "2300087"]
[EventDate "2018.01.18"]

1. d4 d5 2. Bf4 Nf6 3. e3 Bf5 4. c4 e6 5. Nc3 Bd6 6. Bg5 c6 7. Nf3 Nbd7 8. Be2
h6 9. Bh4 O-O 10. Nd2 Qb8 11. g4 Bg6 12. f4 c5 13. g5 hxg5 14. fxg5 cxd4 15.
gxf6 dxc3 16. bxc3 Bxh2 17. fxg7 Bg3+ 18. Kf1 Kxg7 19. Nf3 Rh8 20. Qd4+ e5 21.
Qxd5 Nb6 22. Qc5 Qc8 23. Qe7 Qf5 24. Kg2 Rae8 25. Bf6+ Qxf6 26. Qxf6+ Kxf6 27.
Kxg3 Rxh1 28. Rxh1 Rc8 29. Nd2 Rd8 30. Nb3 Na4 31. Bf3 b6 32. Rh4 Nxc3 33. c5 e4
34. Bg2 Ke5 35. c6 Nd5 36. Kf2 Nb4 37. Nd4 Nd5 38. Bh3 Nc7 39. Rg4 Rd5 40. Rg2
Kd6 41. Bd7 Nb5 42. Nxb5+ Rxb5 43. Rg1 Bf5 44. Rd1+ Kc7 45. Kg3 Be6 46. Kf4 Bxa2
47. Kxe4 a5 48. Kf4 Be6 49. e4 a4 50. Bxe6 fxe6 51. Ra1 Ra5 52. Ra3 b5 53. Rd3
a3 54. Ke5 a2 0-1

[Event "PRO League Group Stage"]
[Site "chess.com INT"]
[Date "2018.02.07"]
[Round "5"]
[White "Caruana, Fabiano"]
[Black "Shetty, Atulya"]
[Result "1-0"]
[WhiteTitle "GM"]
[BlackTitle "IM"]
[WhiteElo "2811"]
[BlackElo "2389"]
[WhiteTeam "Saint Louis Arch Bishops"]
[BlackTeam "Pittsburgh Pawngrabbers"]
[WhiteFideId "2020009"]
[BlackFideId "2031213"]
[EventDate "2018.01.18"]

1. c4 c5 2. Nf3 Nc6 3. e3 Nf6 4. Nc3 d5 5. cxd5 Nxd5 6. Bb5 Nxc3 7. bxc3 Bd7 8.
O-O g6 9. Ba3 Qa5 10. Qb3 e6 11. c4 Be7 12. d4 a6 13. Bxc6 Bxc6 14. d5 exd5 15.
cxd5 Bb5 16. Rfc1 Rc8 17. Bb2 O-O 18. a4 Bd7 19. Qxb7 Rfd8 20. Bc3 Qc7 21. Qxc7
Rxc7 22. Ba5 Rcc8 23. Bxd8 Rxd8 24. e4 1-0

[Event "PRO League Group Stage"]
[Site "chess.com INT"]
[Date "2018.02.07"]
[Round "5"]
[White "Caruana, Fabiano"]
[Black "Shabalov, Alexander"]
[Result "1-0"]
[WhiteTitle "GM"]
[BlackTitle "GM"]
[WhiteElo "2811"]
[BlackElo "2544"]
[WhiteTeam "Saint Louis Arch Bishops"]
[BlackTeam "Pittsburgh Pawngrabbers"]
[WhiteFideId "2020009"]
[BlackFideId "2008572"]
[EventDate "2018.01.18"]

1. e4 Nc6 2. Nf3 d6 3. d4 Nf6 4. Nc3 g6 5. h3 Bg7 6. Be2 O-O 7. Be3 a6 8. a4 e5
9. dxe5 dxe5 10. O-O Be6 11. Ng5 Nd4 12. Nxe6 fxe6 13. Bd3 Qe7 14. Ne2 Rad8 15.
c3 Nc6 16. Qc2 Nh5 17. g3 Bf6 18. Bc4 Kh8 19. b4 Rfe8 20. Rad1 Ng7 21. Qc1 Nb8
22. Kg2 Nd7 23. a5 Nb8 24. Ng1 Nc6 25. Nf3 Rxd1 26. Rxd1 Rd8 27. h4 Ne8 28. Ng5
Rxd1 29. Qxd1 Nd6 30. Bb3 Nd8 31. Qg4 Nb5 32. Bc5 Qd7 33. Nxe6 Nxe6 34. Bxe6 Qd8
35. h5 b6 36. axb6 cxb6 37. Be3 Kg7 38. hxg6 hxg6 39. Bf5 Qe8 40. Bd7 Qd8 41.
Bxb5 axb5 42. Qe6 Qd3 43. Qc6 g5 44. Bxb6 g4 45. Be3 1-0

[Event "PRO League Group Stage"]
[Site "chess.com INT"]
[Date "2018.02.07"]
[Round "5"]
[White "Lalith, Babu M R"]
[Black "Ladva, Ottomar"]
[Result "1/2-1/2"]
[WhiteTitle "GM"]
[BlackTitle "GM"]
[WhiteElo "2542"]
[BlackElo "2522"]
[WhiteTeam "Delhi Dynamite"]
[BlackTeam "Estonia Horses"]
[WhiteFideId "5024595"]
[BlackFideId "4500024"]
[EventDate "2018.01.18"]

1. d4 d5 2. Nf3 Nf6 3. c4 e6 4. g3 Be7 5. Bg2 O-O 6. O-O dxc4 7. Qc2 a6 8. a4 c5
9. dxc5 Bxc5 10. Nbd2 b5 11. axb5 Bb7 12. Nxc4 axb5 13. Rxa8 Bxa8 14. Nce5 Qb6
15. Nd3 Be7 16. Be3 Qc6 17. Qb3 Qd5 18. Qc2 Nc6 19. Ra1 Qc4 20. Qxc4 bxc4 21.
Nde5 Nxe5 22. Nxe5 Bd5 23. Bd4 Bd6 24. Ra4 Rc8 25. f4 h6 26. Bxd5 exd5 27. Ra5
Rd8 28. Nc6 Rc8 29. Ne5 Rd8 30. Nc6 Rc8 31. Na7 Ra8 32. Rb5 Re8 33. Bxf6 gxf6
34. Rxd5 Bf8 35. Kf2 Ra8 36. Nc6 Rc8 37. Nd4 Bc5 38. Kf3 Bxd4 39. Rxd4 c3 40.
bxc3 Rxc3+ 41. e3 Kg7 42. Rd5 Rc2 43. h4 Ra2 44. h5 Ra4 45. Rc5 Ra3 46. Rd5 Rb3
47. Rd4 Ra3 48. g4 Rb3 49. Ke4 Ra3 50. Rd3 Ra4+ 51. Kf3 Ra1 52. Rc3 Ra4 53. e4
Rb4 54. Re3 Ra4 55. e5 fxe5 56. Rxe5 Ra3+ 57. Re3 Ra4 58. Rd3 Rb4 59. Ke3 Rb1
60. Ke4 Rb4+ 61. Rd4 Rb5 62. Rd5 Rb4+ 63. Kf5 Rb1 64. Rc5 Rg1 65. Rc4 Rg2 66. g5
hxg5 67. fxg5 Rh2 68. h6+ Kh7 69. Rf4 Ra2 70. Kf6 Kg8 71. Rd4 Ra6+ 72. Ke5 Ra5+
73. Kf4 Ra1 74. Ke5 Rg1 75. Kf5 Kh7 76. Rf4 Kg8 77. Kf6 Ra1 78. Rd4 Ra6+ 79. Ke5
Ra5+ 80. Rd5 Ra1 81. Kf6 Ra6+ 82. Ke5 Ra1 83. Kf6 Ra6+ 84. Ke7 Re6+ 85. Kd7 Ra6
86. Ke8 Re6+ 87. Kd8 Ra6 88. Re5 Kh7 89. Ke8 Kg6 90. Ke7 Ra7+ 91. Kf8 f6 92.
gxf6 Kxf6 93. Re1 Ra8+ 94. Re8 Rxe8+ 95. Kxe8 Kg6 96. Ke7 Kxh6 1/2-1/2

[Event "PRO League Group Stage"]
[Site "chess.com INT"]
[Date "2018.02.07"]
[Round "5"]
[White "Lalith, Babu M R"]
[Black "Valner, Uku"]
[Result "1-0"]
[WhiteTitle "GM"]
[WhiteElo "2542"]
[BlackElo "2211"]
[WhiteTeam "Delhi Dynamite"]
[BlackTeam "Estonia Horses"]
[WhiteFideId "5024595"]
[BlackFideId "4502205"]
[EventDate "2018.01.18"]

1. Nf3 e6 2. c4 Nf6 3. d4 b6 4. g3 Bb7 5. Bg2 Be7 6. O-O O-O 7. Nc3 Ne4 8. Bd2
Nxd2 9. Qxd2 d6 10. Qd3 Nc6 11. Rad1 Bf6 12. d5 Nb4 13. Qd2 exd5 14. cxd5 Bxc3
15. bxc3 Nxd5 16. Nh4 c6 17. e4 Nf6 18. Nf5 d5 19. exd5 cxd5 20. Qg5 Ne8 21.
Ne7+ Kh8 22. Rfe1 h6 23. Qe5 Qc7 24. Qxc7 Nxc7 25. c4 Rad8 26. cxd5 Nb5 27. Rc1
Nd6 28. Rc7 Rfe8 29. Rd1 g6 30. Nc6 Rc8 31. Rd7 Bxc6 32. dxc6 Ne4 33. Bxe4 Rxe4
34. Rd8+ Re8 35. Rxe8+ 1-0

[Event "PRO League Group Stage"]
[Site "chess.com INT"]
[Date "2018.02.07"]
[Round "5"]
[White "Rosenthal, Nicholas"]
[Black "Colas, Joshua"]
[Result "0-1"]
[BlackTitle "FM"]
[WhiteElo "2169"]
[BlackElo "2240"]
[WhiteTeam "Miami Champions"]
[BlackTeam "Webster Windmills"]
[WhiteFideId "2045150"]
[BlackFideId "2044447"]
[EventDate "2018.01.18"]

1. e4 c6 2. d4 d5 3. Nc3 dxe4 4. Nxe4 Bf5 5. Ng3 Bg6 6. h4 h6 7. Nf3 Nd7 8. h5
Bh7 9. Bd3 Bxd3 10. Qxd3 e6 11. Bd2 Ngf6 12. Ne4 Nxe4 13. Qxe4 Nf6 14. Qe2 Be7
15. O-O-O Qd5 16. Kb1 Qe4 17. Qc4 Qd5 18. Qe2 O-O 19. Rdg1 Rad8 20. g4 Qe4 21.
Qd1 Nxg4 22. Ng5 Qxd4 23. Nf3 Qe4 24. Rg2 Rxd2 25. Qxd2 Qxf3 26. Rhg1 Bg5 27.
Qe1 Nf6 28. Rg3 Qf5 29. Qb4 Qxf2 30. Qxb7 Nxh5 31. R3g2 Qb6 32. Qd7 Nf4 33. Rg4
Rd8 34. Rxg5 hxg5 0-1

[Event "PRO League Group Stage"]
[Site "chess.com INT"]
[Date "2018.02.07"]
[Round "5"]
[White "Rosenthal, Nicholas"]
[Black "Le, Quang Liem"]
[Result "0-1"]
[BlackTitle "GM"]
[WhiteElo "2169"]
[BlackElo "2737"]
[WhiteTeam "Miami Champions"]
[BlackTeam "Webster Windmills"]
[WhiteFideId "2045150"]
[BlackFideId "12401137"]
[EventDate "2018.01.18"]

1. e4 c5 2. Nf3 e6 3. d3 Nc6 4. g3 d5 5. Nbd2 g6 6. Bg2 Bg7 7. O-O Nge7 8. Re1
O-O 9. e5 f6 10. exf6 Bxf6 11. Nb3 b6 12. d4 c4 13. Nbd2 Nxd4 14. Nxc4 dxc4 15.
Nxd4 Bxd4 16. Bxa8 Bxf2+ 17. Kh1 Bxe1 18. Qxe1 Qc7 19. Bg2 e5 20. Bd2 Bb7 21.
Bc3 Bxg2+ 22. Kxg2 Qc6+ 23. Kg1 Qc5+ 24. Kh1 Qd5+ 25. Kg1 Nc6 26. Rd1 Nd4 27.
Bxd4 exd4 28. b3 d3 29. bxc4 Qc5+ 30. Kg2 Qc6+ 31. Kg1 dxc2 32. Rc1 Qc5+ 33. Kg2
Qxc4 34. Qd2 Rc8 35. Kg1 Qxa2 36. Qd7 Rf8 37. Qc6 Qb3 38. Rxc2 Qf3 39. Qe6+ Qf7
40. Qe2 Re8 41. Qd2 Qe6 42. Rc7 Qe1+ 43. Qxe1 Rxe1+ 44. Kf2 Ra1 45. Ke3 a5 46.
Ke4 a4 47. Kd5 a3 48. Rc2 b5 49. Kc5 Rb1 50. Ra2 b4 51. Kc4 Rb2 52. Ra1 a2 0-1

[Event "PRO League Group Stage"]
[Site "chess.com INT"]
[Date "2018.02.07"]
[Round "5"]
[White "Meier, Georg"]
[Black "Hjartarson, Johann"]
[Result "0-1"]
[WhiteTitle "GM"]
[BlackTitle "GM"]
[WhiteElo "2647"]
[BlackElo "2536"]
[WhiteTeam "Stockholm Snowballs"]
[BlackTeam "Reykjavik Puffins"]
[WhiteFideId "4675789"]
[BlackFideId "2300044"]
[EventDate "2018.01.18"]

1. Nf3 f5 2. g3 Nf6 3. Bg2 g6 4. O-O Bg7 5. d4 O-O 6. b4 Ne4 7. c4 e6 8. Bb2 Nc6
9. Qb3 a5 10. b5 a4 11. Qa3 Ne7 12. Nc3 d5 13. Rac1 Bd7 14. Rfd1 dxc4 15. Nxe4
fxe4 16. Ne5 Bxb5 17. Bxe4 Nd5 18. Nxc4 Qf6 19. f4 g5 20. e3 gxf4 21. exf4 Nxf4
22. gxf4 Qxf4 23. Bg2 Qf2+ 24. Kh1 Rad8 25. Rf1 Qe2 26. Rfe1 Qf2 27. Ne5 c5 28.
Qxc5 Qxb2 29. Rb1 Qxa2 30. Rxb5 Rf2 31. Qe7 Rdf8 32. Qxe6+ Qxe6 0-1

[Event "PRO League Group Stage"]
[Site "chess.com INT"]
[Date "2018.02.07"]
[Round "5"]
[White "Meier, Georg"]
[Black "Thorhallsson, Throstur"]
[Result "1/2-1/2"]
[WhiteTitle "GM"]
[BlackTitle "GM"]
[WhiteElo "2647"]
[BlackElo "2418"]
[WhiteTeam "Stockholm Snowballs"]
[BlackTeam "Reykjavik Puffins"]
[WhiteFideId "4675789"]
[BlackFideId "2300109"]
[EventDate "2018.01.18"]

1. Nf3 d5 2. g3 c6 3. Bg2 Bg4 4. h3 Bh5 5. c4 e6 6. O-O Nd7 7. cxd5 exd5 8. Nc3
Ngf6 9. d3 Be7 10. e4 O-O 11. exd5 Nxd5 12. Nxd5 cxd5 13. Re1 Bc5 14. d4 Bb4 15.
Bd2 Qb6 16. Bxb4 Qxb4 17. Qd2 Qd6 18. Ne5 f6 19. Nd3 Bf7 20. Qf4 Qxf4 21. Nxf4
Nb6 22. Re7 Rab8 23. Rc1 g5 24. Nd3 Rfc8 25. Rcc7 Rxc7 26. Rxc7 Rc8 27. Rxb7 Rc4
28. b3 Rxd4 29. Nc5 Rd1+ 30. Kh2 Rc1 31. Nd7 Nxd7 32. Rxd7 Rc2 33. Rxa7 Rxf2 34.
Kg1 Rb2 35. Bf1 d4 36. a4 Rb1 37. Kf2 Rb2+ 38. Kg1 Rb1 39. Kf2 Rxb3 40. a5 Rb2+
41. Ke1 Rb1+ 42. Kf2 Rb2+ 43. Ke1 Rb1+ 44. Kf2 Rb2+ 45. Ke1 Rb1+ 46. Kf2 Rb2+ 1/2-1/2

[Event "PRO League Group Stage"]
[Site "chess.com INT"]
[Date "2018.02.07"]
[Round "5"]
[White "Khachiyan, Melikset"]
[Black "Naroditsky, Daniel"]
[Result "0-1"]
[WhiteTitle "GM"]
[BlackTitle "GM"]
[WhiteElo "2522"]
[BlackElo "2619"]
[WhiteTeam "Las Vegas Desert Rats"]
[BlackTeam "San Jose Hackers"]
[WhiteFideId "13300512"]
[BlackFideId "2026961"]
[EventDate "2018.01.18"]

1. e4 g6 2. d4 Bg7 3. Nc3 d6 4. Nf3 Nf6 5. Be2 O-O 6. O-O c6 7. a4 Nbd7 8. h3
Qc7 9. Be3 b6 10. Qd2 Re8 11. Rad1 Bb7 12. Rfe1 a6 13. e5 Nd5 14. Bh6 Nxc3 15.
bxc3 dxe5 16. Bxg7 Kxg7 17. dxe5 Nc5 18. Qf4 Ne6 19. Qh4 c5 20. Ng5 Nxg5 21.
Qxg5 Rad8 22. Qf4 Rxd1 23. Rxd1 Rd8 24. Rb1 a5 25. h4 h6 26. Bd3 Bd5 27. h5 c4
28. Bf1 g5 29. Qe3 Be6 30. Qxb6 Qxb6 31. Rxb6 Rd2 32. Rb5 Rxc2 33. Rxa5 g4 34.
Rc5 Rc1 35. a5 Bf5 36. Rxc4 Rxf1+ 37. Kxf1 Bd3+ 38. Ke1 Bxc4 39. Kd2 f6 40.
exf6+ Kxf6 41. Ke3 Ke5 42. f4+ Kd5 43. f5 Ke5 44. g3 Ba6 0-1

[Event "PRO League Group Stage"]
[Site "chess.com INT"]
[Date "2018.02.07"]
[Round "5"]
[White "Khachiyan, Melikset"]
[Black "Kavutskiy, Konstantin"]
[Result "1/2-1/2"]
[WhiteTitle "GM"]
[BlackTitle "IM"]
[WhiteElo "2522"]
[BlackElo "2369"]
[WhiteTeam "Las Vegas Desert Rats"]
[BlackTeam "San Jose Hackers"]
[WhiteFideId "13300512"]
[BlackFideId "2026384"]
[EventDate "2018.01.18"]

1. e4 c5 2. Nc3 e6 3. Nf3 Nc6 4. Bb5 Nd4 5. O-O a6 6. Bd3 Ne7 7. Nxd4 cxd4 8.
Ne2 Nc6 9. c3 dxc3 10. dxc3 Bc5 11. b4 Ba7 12. Bf4 e5 13. Bg3 d6 14. Kh1 h5 15.
f4 h4 16. Bf2 h3 17. g3 Bxf2 18. Rxf2 Qb6 19. Kg1 Bg4 20. Qd2 O-O-O 21. Bc4 exf4
22. Nxf4 Ne5 23. Nd5 Qa7 24. Be2 Kb8 25. a4 Rhe8 26. a5 Bxe2 27. Qxe2 Nd7 28.
Re1 f5 29. Qe3 Rxe4 30. Qxa7+ Kxa7 31. Rxe4 fxe4 32. Rf4 Ne5 33. Rxe4 g5 34. Kf2
Rf8+ 35. Ke2 Nf3 36. Nf4 Ng1+ 37. Kf2 gxf4 38. Rxf4 Rc8 39. c4 Re8 40. Kxg1 Re1+
41. Kf2 Rh1 42. g4 Rxh2+ 43. Kg3 Rh1 44. Rd4 Kb8 45. b5 axb5 46. cxb5 Kc7 47.
Rc4+ Kd7 48. a6 bxa6 49. bxa6 Ra1 50. Kxh3 Rxa6 51. g5 Ke6 52. Rf4 Ke5 53. Kg4
d5 54. Rf5+ Ke4 55. Rf6 Ra1 56. Re6+ Kd3 57. g6 d4 58. Kf5 Kd2 59. g7 Ra8 60.
Rg6 Rg8 61. Ke4 d3 62. Rg2+ Kc3 63. Rg3 Kc2 64. Rxd3 Rxg7 65. Rd5 Re7+ 66. Re5
Rxe5+ 67. Kxe5 1/2-1/2

[Event "PRO League Group Stage"]
[Site "chess.com INT"]
[Date "2018.02.07"]
[Round "5"]
[White "Mitkov, Nikola"]
[Black "Thavandiran, Shiyam"]
[Result "1/2-1/2"]
[WhiteTitle "GM"]
[BlackTitle "IM"]
[WhiteElo "2461"]
[BlackElo "2399"]
[WhiteTeam "Minnesota Blizzard"]
[BlackTeam "Montreal Chessbrahs"]
[WhiteFideId "15000290"]
[BlackFideId "2605058"]
[EventDate "2018.01.18"]

1. e4 e6 2. d4 d5 3. Nc3 Bb4 4. Ne2 dxe4 5. a3 Bxc3+ 6. Nxc3 Nc6 7. Bf4 Nf6 8.
Bb5 O-O 9. Bxc6 bxc6 10. Bg5 h6 11. Bxf6 Qxf6 12. Nxe4 Qg6 13. Qf3 e5 14. dxe5
Rb8 15. b4 Ba6 16. Nc5 Bc4 17. Qe4 Qxe4+ 18. Nxe4 Rfe8 19. f4 f6 20. O-O-O fxe5
21. f5 Bd5 22. Rhe1 a5 23. c3 axb4 24. cxb4 Kf7 25. g4 g6 26. fxg6+ Kxg6 27. Rd3
Rbd8 28. Rde3 Bxe4 29. Rxe4 Rd5 30. h4 Kf6 31. Rf1+ Ke6 32. Rf5 Ra8 33. Re3 Rg8
34. Re4 Ra8 35. Kb2 Rd2+ 36. Kc3 Rd5 37. Kb2 Rd2+ 38. Kc1 Rd5 39. Rh5 Rxa3 40.
Rxh6+ Kd7 41. Rh7+ Kc8 42. Re7 Rc3+ 43. Kb2 Rh3 44. R7xe5 Rd2+ 45. Kc1 Rg2 46.
h5 Rc3+ 47. Kd1 Rb3 48. Re2 Rxg4 49. R5e4 Rxb4 50. Rxb4 Rxb4 51. Rh2 Rd4+ 52.
Ke2 Rd7 53. h6 Rh7 54. Kf3 Kd7 55. Kf4 Ke6 56. Kg5 c5 57. Kg6 Rh8 58. Kg7 Rd8
59. Rh5 Kd6 60. h7 c4 61. h8=Q Rxh8 62. Kxh8 c3 63. Rh3 c5 64. Rxc3 Kd5 65. Kg7
Kd4 66. Rc1 c4 67. Kf6 c3 68. Rd1+ Ke3 69. Ke5 c2 70. Rh1 Kd2 71. Rh2+ Kd1 72.
Rh1+ Kd2 73. Rh2+ Kd1 74. Rh1+ Kd2 75. Kd4 c1=Q 76. Rxc1 Kxc1 1/2-1/2

[Event "PRO League Group Stage"]
[Site "chess.com INT"]
[Date "2018.02.07"]
[Round "5"]
[White "Mitkov, Nikola"]
[Black "Van Foreest, Jorden"]
[Result "1-0"]
[WhiteTitle "GM"]
[BlackTitle "GM"]
[WhiteElo "2461"]
[BlackElo "2629"]
[WhiteTeam "Minnesota Blizzard"]
[BlackTeam "Montreal Chessbrahs"]
[WhiteFideId "15000290"]
[BlackFideId "1039784"]
[EventDate "2018.01.18"]

1. e4 c5 2. Nc3 e6 3. Nf3 Nc6 4. d4 cxd4 5. Nxd4 Qc7 6. Be3 a6 7. f4 b5 8. Nb3
Bb7 9. Bd3 d6 10. Qf3 Nf6 11. O-O Be7 12. Qh3 Nb4 13. a3 Nxd3 14. cxd3 O-O 15.
Nd4 Rac8 16. Rf3 Rfe8 17. Raf1 Bf8 18. Rg3 g6 19. f5 exf5 20. Nxf5 h5 21. Bd4
Re6 22. Ne3 Ne8 23. Ncd5 Qd8 24. Nf4 Re5 25. Nxg6 fxg6 26. Bxe5 Kh7 27. Rxg6
Kxg6 28. Qf5+ Kh6 29. Qxf8+ 1-0

[Event "PRO League Group Stage"]
[Site "chess.com INT"]
[Date "2018.02.07"]
[Round "5"]
[White "Borisek, Jure"]
[Black "Bacrot, Etienne"]
[Result "1/2-1/2"]
[WhiteTitle "GM"]
[BlackTitle "GM"]
[WhiteElo "2576"]
[BlackElo "2722"]
[WhiteTeam "Ljubljana Turtles"]
[BlackTeam "Marseille Migraines"]
[WhiteFideId "14603152"]
[BlackFideId "605506"]
[EventDate "2018.01.18"]

1. e4 e5 2. Nf3 Nc6 3. Bb5 Nf6 4. d3 Bc5 5. c3 O-O 6. O-O Re8 7. Bg5 h6 8. Bh4
Bf8 9. Re1 d6 10. Nbd2 Bd7 11. a4 g6 12. a5 a6 13. Bc4 Rb8 14. b4 Bg7 15. Qb3
Be6 16. b5 axb5 17. Qxb5 Qd7 18. Reb1 g5 19. Bg3 d5 20. Ba2 dxe4 21. Nxe4 Nxe4
22. dxe4 Red8 23. Bxe6 Qxe6 24. Rb2 Rd6 25. Nd2 h5 26. f3 Rbd8 27. Nf1 Rd1 28.
Rbb1 Rxb1 29. Qxb1 Qc4 30. Qc1 g4 31. Ne3 Qe2 32. Nd5 gxf3 33. gxf3 Qxf3 34. Qg5
Rd6 35. Rf1 Qg4 36. Qxg4 hxg4 37. Ra1 f5 38. a6 bxa6 39. Rxa6 fxe4 40. Rxc6 Rxd5
41. Rxc7 e3 42. Rc4 e4 1/2-1/2

[Event "PRO League Group Stage"]
[Site "chess.com INT"]
[Date "2018.02.07"]
[Round "5"]
[White "Borisek, Jure"]
[Black "Gozzoli, Yannick"]
[Result "1-0"]
[WhiteTitle "GM"]
[BlackTitle "GM"]
[WhiteElo "2576"]
[BlackElo "2565"]
[WhiteTeam "Ljubljana Turtles"]
[BlackTeam "Marseille Migraines"]
[WhiteFideId "14603152"]
[BlackFideId "616915"]
[EventDate "2018.01.18"]

1. e4 e5 2. Nf3 Nc6 3. Bb5 a6 4. Ba4 Nf6 5. O-O Be7 6. Re1 b5 7. Bb3 d6 8. c3
O-O 9. h3 Bb7 10. d4 Re8 11. Nbd2 Bf8 12. a3 h6 13. Bc2 d5 14. Nxe5 Nxe5 15.
dxe5 Rxe5 16. Nf3 Re8 17. e5 Ne4 18. Be3 c5 19. Qe2 Qc7 20. Rad1 Rad8 21. Bc1
Bc6 22. Qe3 f5 23. exf6 Nxf6 24. Qf4 Bd6 25. Qf5 Ne4 26. Qg4 Qf7 27. Bxe4 dxe4
28. Nh4 Bd7 29. Qg6 Qxg6 30. Nxg6 Bf5 31. Bf4 Bxf4 32. Nxf4 Kf7 33. Nd5 Bc8 34.
Kf1 Bb7 35. Ne3 Rd3 36. Ng4 c4 37. Ne3 Kf6 38. Ke2 h5 39. Nc2 Red8 40. Nb4 Rxd1
41. Rxd1 Rxd1 42. Kxd1 e3 43. f3 Ke5 44. Ke2 Kf4 45. Nc2 Kg3 46. Nxe3 g6 47. Kf1
h4 48. Nc2 Kf4 49. Kf2 g5 50. Nd4 Bd5 51. Ne2+ Ke5 52. Ke3 Bb7 53. g4 hxg3 54.
Nxg3 Bc6 55. Ne2 Bd7 56. f4+ Kf6 57. fxg5+ Kxg5 58. Nf4 Kh4 59. Kd4 Kg3 60. Nd5
Bxh3 61. Kc5 Kf2 62. Kb6 Bc8 63. Nb4 Ke2 64. Nxa6 Kd2 65. Nc7 Kc2 66. Nxb5 Kb3
67. Kc5 Ba6 68. Nd6 Kxb2 69. Kb4 1-0

[Event "PRO League Group Stage"]
[Site "chess.com INT"]
[Date "2018.02.07"]
[Round "5"]
[White "Pavasovic, Dusko"]
[Black "Vachier-Lagrave, Maxime"]
[Result "0-1"]
[WhiteTitle "GM"]
[BlackTitle "GM"]
[WhiteElo "2540"]
[BlackElo "2793"]
[WhiteTeam "Ljubljana Turtles"]
[BlackTeam "Marseille Migraines"]
[WhiteFideId "14600986"]
[BlackFideId "623539"]
[EventDate "2018.01.18"]

1. e4 c5 2. Nf3 d6 3. Bb5+ Nd7 4. d4 cxd4 5. Qxd4 a6 6. Bxd7+ Bxd7 7. c4 e5 8.
Qd3 Qc7 9. Nc3 Rc8 10. b3 b5 11. Nd5 Qb7 12. O-O Ne7 13. Ne3 Ng6 14. Nd5 Ne7 15.
Ne3 Bc6 16. Nd5 bxc4 17. bxc4 Nxd5 18. exd5 Bd7 19. Ba3 f6 20. Rab1 Qc7 21. Rfc1
Be7 22. c5 Bb5 23. Qb3 dxc5 24. Nd2 c4 25. Qc3 O-O 26. Bxe7 Qxe7 27. Rb4 Qd7 28.
a4 Bxa4 29. Rxc4 Rcd8 30. Rc5 Bb5 31. Ne4 h6 32. Qg3 Rf7 33. h4 Qf5 34. Qe3 Rfd7
35. d6 Qg4 36. Rc7 Qxh4 37. Rxd7 Rxd7 38. Rc8+ Kh7 39. Rc7 Qg4 40. f3 Qe6 41.
Rxd7 Qxd7 42. Qb6 Kg6 43. Nc5 Qc6 44. Qc7 a5 45. Ne6 Qxc7 46. dxc7 Ba6 47. Nf8+
Kf7 48. Nd7 Ke7 49. Nb6 Kd6 50. c8=Q Bxc8 51. Nxc8+ Kc5 52. Ne7 g6 0-1